| 000 | 00687cam a2200217 4500 | ||
|---|---|---|---|
| 001 | ABS62102 | ||
| 008 | 000000n2000 000 0 eng u | ||
| 035 | _a(Sirsi) u105077 | ||
| 100 | _aBaylis, C. | ||
| 245 | 2 | _aA drinking revolution on tap | |
| 260 | _c2000 | ||
| 490 |
_aEstates Gazette _v(0012) 25 March 2000, 137-139(2) |
||
| 520 | _aSummary of proposals to alter the licensing laws which have been drawn up in response to criticism from both the public and the leisure industry. | ||
| 590 | _aABS | ||
| 650 | _aLICENSING | ||
| 650 | _aLICENSING ACT 1964 | ||
| 650 | _aLICENSED PREMISES | ||
| 650 | _aLEISURE INDUSTRY | ||
| 690 | _aLEISURE AND RECREATION | ||
| 942 | _n0 | ||
| 999 |
_c63019 _d63019 |
||